| 000 | 01665nam a2200289 a 4500 | ||
|---|---|---|---|
| 001 | 000039544 | ||
| 005 | 20201002031709.0 | ||
| 008 | 130705s2007 dr 001 0 spa d | ||
| 040 |
_aDO-SdBNP _bspa _cBNPHU |
||
| 082 |
_a343.729304 _bR426c, 2007 |
||
| 110 | 1 |
_aRepública Dominicana. _9447 |
|
| 240 | 1 | 0 | _a[Código, etc.] |
| 245 | 1 | 0 |
_aCódigo tributario de la República Dominicana : _binstituido por la ley 11-92 del 16 de Mayo de 1992 / _ccompilado por Máximo A. Díaz. |
| 260 |
_aSanto Domingo : _b[s.n.], _c2007. |
||
| 300 |
_a102 p. ; _c21 cm. |
||
| 500 | _aVersión actualizada por la Ley nº. 495-06 del 29 de diciembre del 2006, Gaceta Oficial. | ||
| 505 | 0 |
_gReglamentos -- _tNo. 139-98 para la aplicación del título II del Código Tributario de la República Dominicana del impuesto sobre la renta -- _tNo. 140-98 para la aplicación del título II del código tributario de la República Dominicana del impuesto sobre la transferencia de bienes industrializados y servicios (ITBIS) -- _tNo. 79-03 para la aplicación del título IV del Código Tributario de la República Dominicana, del impuesto selectivo al consumo. |
|
| 590 | _aInventariado, 2018/VM | ||
| 650 | 4 |
_aLey 11-92 _zRepublica Dominicana _955494 |
|
| 650 | 4 |
_aLey 495-06 _zRepublica Dominicana _965711 |
|
| 650 | 4 |
_aImpuestos _xLegislacion _zRepública Dominicana _955495 |
|
| 650 | 4 |
_aImpuestos _xAdministración y procesamiento _914513 |
|
| 650 | 4 |
_aImpuestos sobre la renta _xLegislacion _zRepública Dominicana _99399 |
|
| 650 | 4 |
_aDerecho fiscal _xLegislacion _zRepublica Dominicana _99397 |
|
| 700 | 1 |
_aDíaz, Máximo A., _ecomp. _965694 |
|
| 910 | _aValidado. Control de calidad EMS | ||
| 999 |
_c39034 _d39034 |
||